00687nam a2200193Ia 4500999001500000020001800015082002200033100002400055245006400079260004200143300001400185504003900199650002500238650003100263650001500294650001900309942000700328952015800335 c9008d9008 a9788170547204 a011.4220954 DAS-W aDas, Sudhir Chandra 0aWork-life balance practices of insurance companies in India aNew DelhibClassical Publishingc2017 axxv, 299p aIncludes Bibliography and Appendix aStatistical analysis aInsurance companieszIndia aANOVA test aData reliblity cBK 00104070aNASSDOCbNASSDOCd2017-10-09eGifted by : Sales division, ICSSRi2017-10-09l0o011.4220954 DAS-Wp49411r2019-04-18 00:00:00w2019-04-18yBK